[Event "11. Lichtenberger Sommer"]
[Site "Berlin"]
[Date "2012.08.25"]
[Round "8.87"]
[White "Zesewitz, Martin"]
[Black "Stiewe, Frank"]
[Result "1-0"]
[WhiteElo "1870"]
[BlackElo "1679"]
[PlyCount "91"]
[EventDate "2012.??.??"]
[WhiteTeam "SF Friedrichshagen"]
[BlackTeam "vereinslos"]

1. f4 Nc6 2. Nf3 d6 3. e4 Bg4 4. Be2 Bxf3 5. Bxf3 e5 6. d3 Be7 7. O-O h5 8. Nc3
g6 9. fxe5 Nxe5 10. Be3 Bf6 11. Nd5 Bg7 12. d4 Nc6 13. c3 Nge7 14. Bg5 O-O 15.
Bxh5 Kh8 16. Bg4 f6 17. Nxf6 Ng8 18. Nh7 Rxf1+ 19. Qxf1 Nce7 20. Nf6 Nxf6 21.
Bxf6 Qf8 22. Bxg7+ Qxg7 23. Qb5 Rb8 24. Rf1 Ng8 25. Be6 Nf6 26. e5 c6 27. Qe2
dxe5 28. Qxe5 Rf8 29. g4 g5 30. Rf5 Nh7 31. Rxf8+ Nxf8 32. Qxg7+ Kxg7 33. Bf5
Kf6 34. Kg2 Ke7 35. Kg3 Kd6 36. h4 gxh4+ 37. Kxh4 b6 38. g5 c5 39. dxc5+ bxc5
40. g6 Nxg6+ 41. Bxg6 Kc6 42. Kg4 a5 43. a4 Kd5 44. b3 c4 45. Bf7+ Kc5 46. Bxc4
1-0

[Event "11. Lichtenberger Sommer"]
[Site "Berlin"]
[Date "2012.08.25"]
[Round "8.88"]
[White "Köhler, Hans-Christian"]
[Black "Lohse, Steffen"]
[Result "1/2-1/2"]
[WhiteElo "1431"]
[BlackElo "1928"]
[PlyCount "80"]
[EventDate "2012.??.??"]
[WhiteTeam "Schachgemeinschaft 2011 Sennewit"]
[BlackTeam "SV Osram e.V."]

1. e4 d5 2. exd5 Qxd5 3. Nc3 Qa5 4. d4 c6 5. Bc4 Nf6 6. Qd3 Bf5 7. Qd1 e6 8.
Bb3 Nbd7 9. Bd2 Qb6 10. Nf3 Bg4 11. Be3 Qc7 12. a3 Bd6 13. h3 Bh5 14. Bc4 Nb6
15. Be2 Nbd5 16. Nxd5 Nxd5 17. Bd2 Rd8 18. g4 Bg6 19. Nh4 Nf4 20. Qc1 Nxe2 21.
Kxe2 Be7 22. Nxg6 hxg6 23. Bf4 Qb6 24. c3 Qb5+ 25. Ke1 Qd5 26. Rh2 g5 27. Bg3
f5 28. Be5 Kf7 29. Qe3 f4 30. Qe2 Bf6 31. Rd1 Qb3 32. f3 c5 33. Bxf6 gxf6 34.
dxc5 Ke7 35. Rxd8 Rxd8 36. Qc2 Qb5 37. Qh7+ Ke8 38. Qg8+ Ke7 39. Qg7+ Ke8 40.
Qg8+ Ke7 1/2-1/2

[Event "11. Lichtenberger Sommer"]
[Site "Berlin"]
[Date "2012.08.25"]
[Round "8.89"]
[White "Engelhardt, Erhard"]
[Black "Laurin, Dirk"]
[Result "1-0"]
[WhiteElo "1847"]
[BlackElo "1665"]
[PlyCount "89"]
[EventDate "2012.??.??"]
[WhiteTeam "SSV Rotation Berlin e.V."]
[BlackTeam "SG Narva Berlin e.V."]

1. b4 e5 2. Bb2 d6 3. c4 Be7 4. e3 Nf6 5. Nf3 e4 6. Nd4 c5 7. Nc2 d5 8. b5 Be6
9. a4 b6 10. Nba3 O-O 11. Be2 Qd7 12. O-O Bg4 13. Bxg4 Nxg4 14. f3 Bf6 15. d4
exd3 16. Bxf6 dxc2 17. Nxc2 Nxf6 18. Qe2 dxc4 19. Qxc4 Qc7 20. Rad1 Nbd7 21.
Rd2 Rad8 22. Rfd1 Rfe8 23. e4 Ne5 24. Qc3 Rxd2 25. Rxd2 Ng6 26. g3 h6 27. Ne3
Qe5 28. Qc2 Qa1+ 29. Rd1 Qa3 30. Rd3 Qb4 31. Nc4 Qe1+ 32. Kg2 Qa1 33. Rd1 Qxd1
34. Qxd1 Nf8 35. e5 N6h7 36. f4 Ne6 37. Nd6 Rd8 38. Qd5 Nhf8 39. f5 Nd4 40.
Qxf7+ Kh8 41. Qe7 Ra8 42. e6 Nh7 43. Qb7 Rf8 44. e7 Rf6 45. Qc8+ 1-0

[Event "11. Lichtenberger Sommer"]
[Site "Berlin"]
[Date "2012.08.25"]
[Round "8.90"]
[White "Urbaniak, Andreas"]
[Black "Bandsom, Olaf"]
[Result "1-0"]
[WhiteElo "1708"]
[BlackElo "1800"]
[PlyCount "58"]
[EventDate "2012.??.??"]
[WhiteTeam "SV Berolina Mitte e.V."]
[BlackTeam "SC Friesen Lichtenberg e.V."]

1. f4 d5 2. Nf3 Nf6 3. g3 g6 4. Bg2 Bg7 5. O-O O-O 6. e3 c5 7. d4 Ne4 8. Nbd2
Bg4 9. dxc5 Nxc5 10. Qe1 Ne4 11. Nd4 Nxd2 12. Bxd2 Nc6 13. Nxc6 bxc6 14. Rb1
Bf5 15. e4 Bxe4 16. Bxe4 dxe4 17. Bc3 Qb6+ 18. Kh1 f5 19. Bxg7 Kxg7 20. Qc3+
Rf6 21. Rbd1 Rd8 22. Rxd8 Qxd8 23. Qc5 Qd7 24. b3 h6 25. a4 Rd6 26. Re1 Rd2 27.
Qc3+ Qd4 28. Qxd4+ Rxd4 29. Re3 Rd1+ 1-0

[Event "11. Lichtenberger Sommer"]
[Site "Berlin"]
[Date "2012.08.25"]
[Round "8.91"]
[White "Boeck, Rüdiger"]
[Black "Geist, Wolfgang"]
[Result "1-0"]
[WhiteElo "1845"]
[BlackElo "1306"]
[PlyCount "91"]
[EventDate "2012.??.??"]
[WhiteTeam "SC Weisse Dame Ulm e.V."]
[BlackTeam "SSV 90 Artern"]

1. e4 d5 2. exd5 Nf6 3. Bb5+ Bd7 4. Bc4 Bf5 5. Nc3 a6 6. d3 b5 7. Bb3 Nbd7 8.
Qf3 Bg6 9. Ne4 Nxe4 10. dxe4 Nc5 11. Qe3 Nxe4 12. Ne2 Qd6 13. O-O Nc5 14. Nf4
Bf5 15. c4 g6 16. Qc3 Rg8 17. cxb5 Bg7 18. Qc4 axb5 19. Qxb5+ Bd7 20. Qc4 Rb8
21. Re1 Bb5 22. Qb4 Kd7 23. Be3 Na6 24. Qd2 Kd8 25. Bd4 Bxd4 26. Qxd4 c5 27.
Qe3 Re8 28. a4 Bd7 29. Bc4 Nb4 30. Re2 Bf5 31. Bd3 Bd7 32. Be4 Ra8 33. Ne6+
fxe6 34. dxe6 Ra7 35. Rd2 Qxe6 36. Qxc5 Qxe4 37. Qxa7 Nd3 38. Qb8+ Bc8 39. Rad1
Kd7 40. Qb5+ Ke6 41. Rxd3 Kf6 42. Rf3+ Kg7 43. Qxe8 Bf5 44. Qd8 Kh6 45. Qd2+ g5
46. Rxf5 1-0

[Event "11. Lichtenberger Sommer"]
[Site "Berlin"]
[Date "2012.08.25"]
[Round "8.92"]
[White "Schreiber, Ben-Luca"]
[Black "Wege, Hermann"]
[Result "0-1"]
[WhiteElo "1677"]
[BlackElo "1912"]
[PlyCount "72"]
[EventDate "2012.??.??"]
[WhiteTeam "SG Lasker Steglitz-Wilmersdorf"]
[BlackTeam "Schachclub Rathenow e.V."]

1. d4 d5 2. c4 c6 3. cxd5 cxd5 4. Nf3 Nf6 5. Nc3 Nc6 6. Bg5 Ne4 7. Bf4 e6 8.
Qd3 Qa5 9. Nd2 Bd6 10. Bxd6 Nxd6 11. Nb3 Qb4 12. e3 a5 13. Qc2 a4 14. Nd2 a3
15. Rb1 Qa5 16. Nb3 Qb4 17. Bd3 f5 18. O-O O-O 19. Ne2 Ne4 20. bxa3 Qxa3 21.
Bxe4 fxe4 22. Ra1 Nb4 23. Qb1 b6 24. Nec1 Ba6 25. Rd1 Rac8 26. Rd2 Rc3 27. Qb2
Qxb2 28. Rxb2 Rfc8 29. Ne2 Rc2 30. Rxc2 Rxc2 31. a3 Nd3 32. Kf1 Rb2 33. Nbc1
Bc4 34. Kg1 b5 35. f3 Rd2 36. fxe4 Rd1# 0-1

[Event "11. Lichtenberger Sommer"]
[Site "Berlin"]
[Date "2012.08.25"]
[Round "8.94"]
[White "Kramer, Ralf"]
[Black "Sauermann, Andreas"]
[Result "0-1"]
[WhiteElo "1633"]
[BlackElo "1933"]
[PlyCount "62"]
[EventDate "2012.??.??"]
[WhiteTeam "SV Königsjäger Süd-West e.V."]
[BlackTeam "Schachclub Nira Berlin"]

1. e4 c5 2. Nf3 a6 3. b4 cxb4 4. a3 Nc6 5. axb4 Nxb4 6. d4 Nf6 7. e5 Ne4 8. c3
Nc6 9. Bd3 d5 10. Qc2 Bf5 11. Nh4 e6 12. Nxf5 exf5 13. O-O g6 14. Ba3 Bxa3 15.
Nxa3 Rc8 16. Qb2 Rc7 17. f3 Ng5 18. Qd2 O-O 19. Rfc1 Qe7 20. Nc2 Rfc8 21. Ne3
Qd8 22. Nxd5 Nxf3+ 23. gxf3 Qxd5 24. f4 Na5 25. Qb2 Nb3 26. c4 Qxd4+ 27. Qxd4
Nxd4 28. Rab1 Ne6 29. Rf1 Rd8 30. Rbd1 Rcd7 31. Be2 Rxd1 0-1

[Event "11. Lichtenberger Sommer"]
[Site "Berlin"]
[Date "2012.08.25"]
[Round "8.95"]
[White "Fischer, Anke"]
[Black "Günther, Boris"]
[Result "1-0"]
[WhiteElo "1828"]
[BlackElo "1433"]
[PlyCount "129"]
[EventDate "2012.??.??"]
[WhiteTeam "SG Lasker Steglitz-Wilmersdorf"]
[BlackTeam "SF Friedrichshagen"]

1. e4 e5 2. Nf3 Nc6 3. Bb5 a6 4. Ba4 d6 5. d4 b5 6. Bb3 Be7 7. Bd5 Bd7 8. h3
Nf6 9. Bxc6 Bxc6 10. d5 Bd7 11. Qd3 b4 12. c4 O-O 13. Be3 c6 14. Nbd2 cxd5 15.
exd5 Qc8 16. O-O Bf5 17. Qe2 Ne4 18. Rac1 a5 19. b3 Nc3 20. Qe1 Nxa2 21. Ra1
Nc3 22. Kh1 Bd3 23. Rg1 Ne4 24. Kh2 Nxd2 25. Qxd2 Be4 26. Ng5 Bxg5 27. Bxg5 f6
28. Be3 Ra6 29. Rgc1 Qb7 30. g4 Rfa8 31. Qd1 Qd7 32. Bd2 Bg6 33. Ra2 Qa7 34.
Be3 Qe7 35. Rca1 e4 36. Bd2 Qb7 37. Qe1 f5 38. gxf5 Bxf5 39. Qe3 Qc8 40. Kg2
Qc5 41. Qxc5 dxc5 42. Be3 Rg6+ 43. Kh2 Rga6 44. Bxc5 Rh6 45. Rxa5 Rxh3+ 46. Kg2
Rxa5 47. Rxa5 Rxb3 48. Rb5 Rb2 49. Rxb4 Rxb4 50. Bxb4 Kf7 51. Kg3 g6 52. Kf4 h5
53. Ke5 h4 54. Bd2 h3 55. Bf4 Ke7 56. c5 Ke8 57. Kd6 Kd8 58. Kc6 Kc8 59. Kb6 g5
60. Bg3 Kd7 61. Kb7 Kd8 62. c6 Bc8+ 63. Kb8 Ba6 64. Bc7+ Ke8 65. d6 1-0

[Event "11. Lichtenberger Sommer"]
[Site "Berlin"]
[Date "2012.08.25"]
[Round "8.96"]
[White "Koerber, Bernhard"]
[Black "Bensch, Wolfgang"]
[Result "1-0"]
[WhiteElo "1643"]
[BlackElo "1665"]
[PlyCount "95"]
[EventDate "2012.??.??"]
[WhiteTeam "SK Zehlendorf e.V."]
[BlackTeam "SC Eintracht Berlin e.V."]

1. e4 e5 2. Nf3 Nc6 3. Bb5 d6 4. d4 exd4 5. Nxd4 Bd7 6. Nc3 Nf6 7. O-O a6 8.
Bxc6 bxc6 9. Re1 Be7 10. Be3 O-O 11. f4 Ng4 12. Qf3 Nxe3 13. Rxe3 c5 14. Nde2
Bc6 15. Nd5 Rb8 16. Rb1 Bxd5 17. exd5 Bf6 18. b3 Qd7 19. Qh3 Qxh3 20. Rxh3 Rfe8
21. Kf1 Re7 22. Ng1 Rbe8 23. Rd3 Bd4 24. Nf3 Bf6 25. Re1 Re4 26. Rxe4 Rxe4 27.
g3 c4 28. Rd1 c3 29. Re1 Rxe1+ 30. Kxe1 Kf8 31. Ke2 h6 32. Kd3 Ke7 33. Ng1 Kd7
34. Ne2 c6 35. dxc6+ Kxc6 36. Nxc3 Bxc3 37. Kxc3 Kd5 38. Kd3 f5 39. c4+ Kc5 40.
Kc3 a5 41. a3 g5 42. b4+ axb4+ 43. axb4+ Kc6 44. Kd4 Kd7 45. Kd5 Ke7 46. b5 Kd7
47. b6 gxf4 48. gxf4 1-0

[Event "11. Lichtenberger Sommer"]
[Site "Berlin"]
[Date "2012.08.25"]
[Round "8.97"]
[White "Reichert, Lutz"]
[Black "Toth, Hans-Jürgen"]
[Result "1/2-1/2"]
[WhiteElo "1733"]
[BlackElo "1638"]
[PlyCount "44"]
[EventDate "2012.??.??"]
[WhiteTeam "Schwarz-Weiß Neukölln e.V."]
[BlackTeam "Schachfreunde Zehdenick 76 e.V."]

1. g3 f5 2. Nf3 Nf6 3. c4 c6 4. Nc3 e6 5. Bg2 d5 6. cxd5 exd5 7. e3 Bb4 8. O-O
O-O 9. d3 Nbd7 10. Qb3 a5 11. a3 Bd6 12. Qc2 Nc5 13. b3 Qb6 14. Rb1 Qa6 15. Rd1
b5 16. b4 axb4 17. axb4 Na4 18. Bd2 Qb7 19. Nxa4 Rxa4 20. Ra1 Rxa1 21. Rxa1 Bd7
22. Ra2 Rc8 1/2-1/2

[Event "11. Lichtenberger Sommer"]
[Site "Berlin"]
[Date "2012.08.25"]
[Round "8.98"]
[White "Tschirschwitz, Stephan"]
[Black "Kollars, Michael"]
[Result "1-0"]
[WhiteElo "1557"]
[BlackElo "1649"]
[PlyCount "45"]
[EventDate "2012.??.??"]
[WhiteTeam "SG Lasker Steglitz-Wilmersdorf"]
[BlackTeam "Delmenhorster SK V 1931"]

1. d4 Nf6 2. c4 d6 3. Nc3 g6 4. e4 Bg7 5. Be2 O-O 6. Nf3 Na6 7. h3 c5 8. d5 Nc7
9. O-O a6 10. a4 b6 11. Qc2 Nd7 12. Bf4 Ne5 13. Qd2 f6 14. Nxe5 fxe5 15. Bh6
Rf7 16. Bxg7 Kxg7 17. f4 Bd7 18. fxe5 Rxf1+ 19. Rxf1 dxe5 20. Qg5 Ne8 21. Qxe5+
Kg8 22. b3 Ng7 23. Qg5 1-0

[Event "11. Lichtenberger Sommer"]
[Site "Berlin"]
[Date "2012.08.25"]
[Round "8.99"]
[White "Gnaß, Erhard"]
[Black "Mildenberger, Hans"]
[Result "1/2-1/2"]
[WhiteElo "1528"]
[BlackElo "1626"]
[PlyCount "46"]
[EventDate "2012.??.??"]
[WhiteTeam "SK Zehlendorf e.V."]
[BlackTeam "SG BVG Helmholtz 55"]

1. c4 Nf6 2. Nf3 e6 3. Nc3 d5 4. e3 c5 5. d4 Nc6 6. Be2 Bd6 7. O-O O-O 8. b3
Re8 9. Nb5 a6 10. Nxd6 Qxd6 11. Bb2 cxd4 12. exd4 b6 13. Re1 Bb7 14. a4 a5 15.
Ba3 Nb4 16. Bxb4 Qxb4 17. Rb1 Ne4 18. Qc2 Qd6 19. Bd3 Nf6 20. c5 bxc5 21. dxc5
Qc7 22. Nd4 Rec8 23. Rbc1 Ba6 1/2-1/2

[Event "11. Lichtenberger Sommer"]
[Site "Berlin"]
[Date "2012.08.25"]
[Round "8.101"]
[White "Möller, Dirk"]
[Black "Ziegel, Mandy Marie"]
[Result "1-0"]
[WhiteElo "1686"]
[BlackElo "853"]
[PlyCount "186"]
[EventDate "2012.??.??"]
[WhiteTeam "SC Kreuzberg e.V."]
[BlackTeam "Schachclub Oranienburg e.V."]

1. e4 e6 2. d4 d5 3. Nc3 dxe4 4. Nxe4 Nc6 5. Nf3 Nf6 6. Bd3 Be7 7. Bf4 a6 8.
Qd2 b5 9. O-O-O O-O 10. c3 Rb8 11. Qc2 b4 12. Nxf6+ Bxf6 13. Bxh7+ Kh8 14. Ne5
Ne7 15. Qd3 Nf5 16. Bxf5 exf5 17. Nc6 Qd5 18. Nxb8 Qxa2 19. Bxc7 Bg5+ 20. f4
Bh6 21. Nc6 b3 22. Kd2 Qxb2+ 23. Ke1 Qxg2 24. Rf1 Qxc6 25. Ba5 Qg2 26. Qe2 Qh3
27. Rb1 Be6 28. Kd2 Rc8 29. Rf3 Qh4 30. Qf2 Qe7 31. Re3 Qa3 32. Ke1 Qxa5 33.
Qb2 Bxf4 34. Rh3+ Kg8 35. Ra1 Qb5 36. Qf2 b2 37. Rb1 Bc1 38. Qh4 Bh6 39. Rg3
Kf8 40. Rg2 Bc1 41. Qg3 Ba2 42. Qxg7+ Ke7 43. Re2+ Qxe2+ 44. Kxe2 Bxb1 45. Qe5+
Kf8 46. Qh8+ Ke7 47. Qxc8 Be4 48. Qc7+ Kf6 49. Qe5+ Kg6 50. Qg3+ Kh7 51. Qh4+
Bh6 52. Qf6 b1=Q 53. Qxf7+ Bg7 54. Qh5+ Kg8 55. Qe8+ Kh7 56. Qh5+ Kg8 57. Qe8+
Bf8 58. Qg6+ Kh8 59. Qf6+ Kh7 60. Qf7+ Kh6 61. Qf6+ Kh5 62. Qh8+ Kg5 63. Qg8+
Kf6 64. Qxf8+ Ke6 65. Qe8+ Kd5 66. Qe5+ Kc4 67. Qc5+ Kb3 68. Qb4+ Kc2 69. Qxb1+
Kxb1 70. h4 Kc2 71. c4 Kc3 72. d5 Kxc4 73. d6 Bc6 74. h5 Kd5 75. h6 Kxd6 76. h7
a5 77. h8=Q Kc5 78. Qe5+ Kb4 79. Qxf5 a4 80. Qb1+ Kc4 81. Qa2+ Kc3 82. Kd1 Bb5
83. Qc2+ Kb4 84. Qb2+ Ka5 85. Kc2 Bc4 86. Kc3 Bb3 87. Qa3 Kb5 88. Qb4+ Kc6 89.
Kd4 Kc7 90. Ke5 Kc6 91. Qd6+ Kb5 92. Kd4 Ka5 93. Kc5 Bc4 1-0

[Event "11. Lichtenberger Sommer"]
[Site "Berlin"]
[Date "2012.08.25"]
[Round "8.102"]
[White "Fontaine, Constantin"]
[Black "Mahler, Sonja"]
[Result "1-0"]
[WhiteElo "1343"]
[BlackElo "1644"]
[PlyCount "56"]
[EventDate "2012.??.??"]
[WhiteTeam "SK Tempelhof 1931 e.V."]
[BlackTeam "SC Kreuzberg e.V."]

1. g3 d5 2. Bg2 c6 3. Nf3 Bg4 4. O-O Nd7 5. d3 e5 6. e4 Qc7 7. Nbd2 Rd8 8. c3
Nc5 9. Qc2 dxe4 10. dxe4 Nf6 11. b4 Nd3 12. Nc4 b5 13. Nb2 Nxb2 14. Bxb2 Bd6
15. c4 bxc4 16. Qxc4 Rb8 17. a3 O-O 18. Rac1 Rb6 19. Bc3 Rc8 20. Rc2 Qb7 21.
Nxe5 c5 22. Nxg4 Nxg4 23. e5 Nxe5 24. Bxe5 Qd7 25. Bxd6 Rxd6 26. bxc5 Rd4 27.
Qb3 a5 28. c6 Qf5 1-0

[Event "11. Lichtenberger Sommer"]
[Site "Berlin"]
[Date "2012.08.25"]
[Round "8.103"]
[White "Bastian, Reinhard"]
[Black "Schröder, Gert"]
[Result "1-0"]
[WhiteElo "1620"]
[BlackElo "1391"]
[PlyCount "79"]
[EventDate "2012.??.??"]
[WhiteTeam "vereinslos"]
[BlackTeam "SV Königsjäger Süd-West e.V."]

1. e4 g6 2. Nc3 d6 3. f4 Nf6 4. Nf3 Nbd7 5. Bc4 Nb6 6. Bb3 d5 7. exd5 Nfxd5 8.
Nxd5 Nxd5 9. d4 Bh6 10. O-O Bg4 11. h3 Be6 12. Ng5 Bxg5 13. fxg5 Qd7 14. c4 Nb6
15. d5 Bxh3 16. gxh3 Qxh3 17. Qf3 Qxf3 18. Rxf3 Rf8 19. Be3 O-O-O 20. Raf1 Nd7
21. Rxf7 Rxf7 22. Rxf7 Ne5 23. Rxe7 Ng4 24. Bd1 Nxe3 25. Rxe3 Rf8 26. Bg4+ Kd8
27. Kg2 Rf4 28. Be2 Rd4 29. Kf3 a5 30. b3 Rh4 31. c5 h6 32. gxh6 Rxh6 33. Kf4
Rh8 34. Kg5 Rh1 35. Kxg6 Ra1 36. a4 Rc1 37. Bc4 Rg1+ 38. Kf7 c6 39. d6 b6 40.
Re8+ 1-0

[Event "11. Lichtenberger Sommer"]
[Site "Berlin"]
[Date "2012.08.25"]
[Round "8.104"]
[White "Winz, Michael"]
[Black "Schulz, Martin"]
[Result "0-1"]
[WhiteElo "1663"]
[BlackElo "1648"]
[PlyCount "88"]
[EventDate "2012.??.??"]
[WhiteTeam "SC Friesen Lichtenberg e.V."]
[BlackTeam "KSC Strausberg Abt. Schach"]

1. d4 d5 2. Nf3 e6 3. c4 c6 4. Nc3 dxc4 5. a4 Bb4 6. Bd2 a5 7. e3 Bxc3 8. Bxc3
b5 9. axb5 cxb5 10. Qd2 Bb7 11. Rxa5 Rxa5 12. Bxa5 Qd5 13. Be2 Nf6 14. Qb4 Nc6
15. Qa3 Nxa5 16. Qxa5 O-O 17. O-O g5 18. Qb4 Ra8 19. Ne1 Ra4 20. Qe7 Kg7 21.
Bf3 Ne4 22. Bxe4 Qxe4 23. Qxg5+ Qg6 24. Qxg6+ hxg6 25. Nf3 Ra2 26. b3 c3 27. h3
b4 28. Rb1 Bxf3 29. gxf3 Rb2 30. Rc1 Rxb3 31. Kg2 Rb2 32. f4 c2 33. Kf3 b3 34.
Ke2 Rb1 35. Kd2 Rxc1 36. Kxc1 f5 37. f3 Kf7 38. e4 Ke7 39. Kb2 Kd6 40. h4 Kc6
41. Kc1 Kb5 42. Kb2 Kc4 43. exf5 exf5 44. d5 Kxd5 0-1

[Event "11. Lichtenberger Sommer"]
[Site "Berlin"]
[Date "2012.08.25"]
[Round "8.105"]
[White "Zelanti, Markus"]
[Black "Paris, Gerhard"]
[Result "1-0"]
[WhiteElo "1487"]
[BlackElo "1615"]
[PlyCount "91"]
[EventDate "2012.??.??"]
[WhiteTeam "Queer-Springer SSV Berlin"]
[BlackTeam "TSG Oberschöneweide e.V."]

1. b4 d6 2. Bb2 e5 3. c4 Nf6 4. Nf3 Be6 5. e3 Nbd7 6. Be2 g6 7. O-O Bg7 8. Ng5
O-O 9. Nxe6 fxe6 10. d3 d5 11. c5 c6 12. Nd2 a5 13. a3 b6 14. Nb3 a4 15. Nd2
Qc7 16. cxb6 Qxb6 17. Rc1 c5 18. e4 cxb4 19. axb4 a3 20. Ba1 Qxb4 21. exd5 exd5
22. Bc3 Qa4 23. Qe1 Rfc8 24. Bf3 Re8 25. Bd1 Qa6 26. Be2 d4 27. Ba1 Bh6 28. Rc2
a2 29. Ne4 Reb8 30. Rb2 Rxb2 31. Bxb2 Rb8 32. Nxf6+ Nxf6 33. Qa1 Qb6 34. Qxa2+
Kg7 35. Ba1 Qc5 36. Bf3 Rc8 37. h3 Qe7 38. Rb1 Rc7 39. g3 Qf7 40. Qa5 Rc1+ 41.
Rxc1 Bxc1 42. Qxe5 Qa2 43. Qc7+ Nd7 44. Bxd4+ Kh6 45. Qxc1+ g5 46. Qc8 1-0

[Event "11. Lichtenberger Sommer"]
[Site "Berlin"]
[Date "2012.08.25"]
[Round "8.106"]
[White "Jiranek, Benno"]
[Black "Grozea, Filip"]
[Result "1-0"]
[WhiteElo "1442"]
[BlackElo "822"]
[PlyCount "49"]
[EventDate "2012.??.??"]
[WhiteTeam "SC Kreuzberg e.V."]
[BlackTeam "TSG Oberschöneweide e.V."]

1. d4 d5 2. c4 c6 3. Nc3 Nf6 4. Nf3 Bf5 5. e3 e6 6. Be2 g6 7. Nh4 Bg4 8. Bxg4
Nxg4 9. Qxg4 Bg7 10. Nf3 Nd7 11. cxd5 Nf6 12. Qh3 cxd5 13. b3 Qe7 14. O-O Rc8
15. Bb2 O-O 16. Rfc1 a6 17. Rc2 b5 18. Rac1 Rc6 19. Nxd5 Rd6 20. Nxe7+ Kh8 21.
d5 exd5 22. Rc8 Rxc8 23. Rxc8+ Bf8 24. Qh6 a5 25. Rxf8# 1-0

[Event "11. Lichtenberger Sommer"]
[Site "Berlin"]
[Date "2012.08.25"]
[Round "8.107"]
[White "Vural, Argun"]
[Black "Stark, Steven"]
[Result "0-1"]
[WhiteElo "1232"]
[BlackElo "1569"]
[PlyCount "110"]
[EventDate "2012.??.??"]
[WhiteTeam "SV Empor Berlin e.V."]
[BlackTeam "BSC Rehberge 1945 e.V."]

1. e4 e5 2. f4 Qf6 3. Nf3 d6 4. Bc4 Bg4 5. O-O exf4 6. h3 Be6 7. Bb3 Be7 8. d4
Qg6 9. Bxe6 fxe6 10. Nc3 Nf6 11. Nh4 Qh5 12. Qxh5+ Nxh5 13. Bxf4 Bxh4 14. Bd2
Nd7 15. Nb5 Bd8 16. Ba5 b6 17. Bd2 a6 18. Nc3 Be7 19. Rf3 O-O-O 20. Raf1 Rhf8
21. Rf7 Rxf7 22. Rxf7 Bf6 23. Kh2 Bxd4 24. g4 Ne5 25. Re7 Nf6 26. Kg2 Nc4 27.
Bc1 Bxc3 28. bxc3 Nxe4 29. Rxe6 Nxc3 30. Re7 Rd7 31. Re8+ Kb7 32. a3 g6 33. Kg3
d5 34. Kf4 Na2 35. Be3 Nxa3 36. Ke5 Nxc2 37. Ke6 Kc6 38. Bf4 Nc3 39. Kf6 Ne4+
40. Ke6 a5 41. Ke5 a4 42. Re6+ Kb7 43. Re8 a3 44. Ke6 Nc5+ 45. Kf6 a2 46. Be5
d4 47. Bxd4 Rxd4 48. Kg7 Rd7+ 49. Kh6 a1=Q 50. Kg5 Qc1+ 51. Kh4 h6 52. Kg3 Rd3+
53. Kf2 Rxh3 54. g5 Nd3+ 55. Kg2 Qh1# 0-1

[Event "11. Lichtenberger Sommer"]
[Site "Berlin"]
[Date "2012.08.25"]
[Round "8.108"]
[White "Albinus, Günter"]
[Black "Mühlhan, Klaus"]
[Result "1/2-1/2"]
[WhiteElo "1819"]
[BlackElo "2042"]
[PlyCount "105"]
[EventDate "2012.??.??"]
[WhiteTeam "SG Weißensee 49 e.V."]
[BlackTeam "SC Empor Potsdam 1952 e.V."]

1. Nf3 c5 2. b3 Nf6 3. Bb2 b6 4. e3 Bb7 5. Be2 e6 6. O-O Be7 7. d4 O-O 8. Nbd2
d5 9. c4 Nbd7 10. Rc1 Rc8 11. Rc2 Rc7 12. Qa1 Qa8 13. Rfc1 Rfc8 14. Bf1 Ne8 15.
h3 Bf6 16. Ne1 cxd4 17. Bxd4 Nd6 18. cxd5 Rxc2 19. Rxc2 Rxc2 20. Nxc2 Bxd5 21.
Bxf6 Nxf6 22. Nd4 Qc8 23. Qb1 e5 24. Ne2 Nfe4 25. Qb2 Qf5 26. Nxe4 Nxe4 27. Nc3
Bb7 28. Qc2 Qc8 29. Bc4 Ng5 30. Qd1 h6 31. Bd5 Ba6 32. Ne4 Qd7 33. Nxg5 hxg5
34. Bf3 Qxd1+ 35. Bxd1 Bd3 36. Kh2 f5 37. Kg3 Kf7 38. f3 f4+ 39. Kf2 Ke6 40.
Be2 Bb1 41. Bc4+ Kd6 42. b4 Bc2 43. Ke2 Kc6 44. e4 Ba4 45. Kd2 Bb5 46. Kc3 a5
47. a3 Ba4 48. Bd5+ Kd6 49. Bb3 Bc6 50. Bc4 Ke7 51. Kd2 Ba4 52. Ke1 Kd6 53. Kd2
1/2-1/2

[Event "11. Lichtenberger Sommer"]
[Site "Berlin"]
[Date "2012.08.26"]
[Round "9.2"]
[White "Kalinitschew, Sergey"]
[Black "Franco Alonso, Alejandro"]
[Result "1/2-1/2"]
[WhiteElo "2458"]
[BlackElo "2477"]
[PlyCount "22"]
[EventDate "2012.??.??"]
[WhiteTeam "SC Kreuzberg e.V."]
[BlackTeam "Gros Xake Teldea"]

1. d4 d5 2. c4 e6 3. Nc3 Be7 4. cxd5 exd5 5. Bf4 c6 6. Qc2 Bg4 7. e3 Bh5 8. Bd3
Bg6 9. Bxg6 hxg6 10. Bxb8 Rxb8 11. Nf3 Nf6 1/2-1/2

[Event "11. Lichtenberger Sommer"]
[Site "Berlin"]
[Date "2012.08.26"]
[Round "9.3"]
[White "Colpe, Malte"]
[Black "Wendt, Jan-Dietrich"]
[Result "1-0"]
[WhiteElo "2290"]
[BlackElo "2357"]
[PlyCount "101"]
[EventDate "2012.??.??"]
[WhiteTeam "Hamburger SK von 1830 eV"]
[BlackTeam "Sfrd. Berlin 1903 e.V."]

1. d4 Nf6 2. c4 c5 3. d5 b5 4. cxb5 a6 5. bxa6 g6 6. Nc3 Bxa6 7. g3 d6 8. Bg2
Bg7 9. Nf3 Nfd7 10. Qc2 Nb6 11. O-O N8d7 12. Re1 Nc4 13. Nd2 Nxd2 14. Bxd2 O-O
15. b3 Ra7 16. Rab1 Qb8 17. h3 Rc8 18. f4 Rb7 19. a3 Qc7 20. e4 Bd4+ 21. Kh2
Rcb8 22. Nd1 c4 23. b4 Nc5 24. Bc3 Nd3 25. Re2 Ba7 26. Ne3 h5 27. h4 Bxe3 28.
Rxe3 Qb6 29. Qe2 Bb5 30. e5 Ra8 31. Ra1 Rba7 32. exd6 Qxd6 33. a4 Rxa4 34. Rxa4
Bxa4 35. Rxe7 Rd8 36. Qe3 Nf2 37. Qd4 Ng4+ 38. Kg1 f6 39. Qc5 Kf8 40. Re6 Qxc5+
41. bxc5 Bc2 42. c6 Bf5 43. Bb4+ Kg7 44. c7 Ra8 45. Re7+ Kh6 46. d6 Ra1+ 47.
Re1 Ra4 48. Bc6 Rxb4 49. d7 Rb3 50. c8=Q Rxg3+ 51. Bg2 1-0

[Event "11. Lichtenberger Sommer"]
[Site "Berlin"]
[Date "2012.08.26"]
[Round "9.4"]
[White "Stern, Rene"]
[Black "Meister, Jakob"]
[Result "1/2-1/2"]
[WhiteElo "2529"]
[BlackElo "2479"]
[PlyCount "119"]
[EventDate "2012.??.??"]
[WhiteTeam "SK König Tegel 1949 e.V."]
[BlackTeam "SK Zehlendorf e.V."]

1. d4 d5 2. c4 c6 3. Nc3 Nf6 4. cxd5 cxd5 5. Bf4 Nc6 6. e3 a6 7. Nf3 Bg4 8. h3
Bxf3 9. Qxf3 e6 10. Bd3 Bd6 11. Bg5 h6 12. Bxf6 Qxf6 13. Qxf6 gxf6 14. Rc1 Ke7
15. f4 Rac8 16. Kf2 Na7 17. Kf3 Rc7 18. Ne2 Rxc1 19. Rxc1 Rc8 20. Rd1 Nc6 21.
g4 Bc7 22. h4 Bb6 23. Bb1 Rd8 24. h5 Kf8 25. Ng3 Na5 26. Rc1 Nc4 27. b3 Nd6 28.
Bd3 Rc8 29. Rd1 Kg7 30. Ne2 a5 31. Rc1 Rxc1 32. Nxc1 Bd8 33. Ne2 Kf8 34. Nc3
Ke8 35. Ke2 Kd7 36. Kd2 Be7 37. Ne2 Ke8 38. Ng1 Kf8 39. Nf3 Kg7 40. Ke2 Kf8 41.
Nd2 Ke8 42. Nb1 Kd7 43. Nc3 Kc6 44. Kf3 Kd7 45. Na4 Kc6 46. Nc3 Kd7 47. e4
dxe4+ 48. Bxe4 b5 49. Bd3 Kc6 50. Be4+ Kd7 51. d5 Kc7 52. dxe6 fxe6 53. Bh7 b4
54. Nd1 Nb5 55. Ne3 Bd8 56. Nc4 Kd7 57. Bd3 Nc3 58. a4 bxa3 59. Nxa3 Kd6 60.
Nb5+ 1/2-1/2

[Event "11. Lichtenberger Sommer"]
[Site "Berlin"]
[Date "2012.08.26"]
[Round "9.6"]
[White "Schneider, Christian"]
[Black "Lauridsen, Jesper Morch"]
[Result "1-0"]
[WhiteElo "2234"]
[BlackElo "2249"]
[PlyCount "129"]
[EventDate "2012.??.??"]
[WhiteTeam "SG Blau-Weiß Stadtilm"]
[BlackTeam "Sydostfyn"]

1. d4 d5 2. c4 e6 3. Nc3 c5 4. cxd5 cxd4 5. Qxd4 Nc6 6. Qa4 exd5 7. e3 Nf6 8.
Nf3 Bd6 9. Be2 O-O 10. O-O a6 11. Rd1 Re8 12. a3 Bf5 13. Nd4 Nxd4 14. Qxd4 Bc2
15. Rf1 Rc8 16. Qd2 Bf5 17. Rd1 Re5 18. Bf3 Bg4 19. Bxg4 Nxg4 20. h3 Nf6 21. f4
Rxe3 22. Kh1 Bc5 23. b4 Ba7 24. Bb2 Rcxc3 25. Bxc3 Ne4 26. Qxd5 Qe8 27. Be1 h5
28. Kh2 Bb8 29. Kg1 Bxf4 30. Bh4 g5 31. Qd8 Kf8 32. Qxe8+ Kxe8 33. Bf2 Nxf2 34.
Kxf2 Rb3 35. Ra2 Bg3+ 36. Ke2 Be5 37. Rd3 Rb1 38. Re3 f6 39. Kd3 Kd7 40. Rc2 h4
41. Ke2 Ke6 42. Rd3 Rg1 43. Kf2 Rb1 44. Kf3 Kf5 45. Kf2 Ke4 46. Re3+ Kf5 47.
Rf3+ Kg6 48. Ke2 Rg1 49. Kd3 Bf4 50. Kc4 Kf5 51. Kc5 Ke4 52. Re2+ Kf5 53. Kb6
Rb1 54. Rc2 Kg6 55. Kxb7 a5 56. Rc4 Bd2 57. Rc6 Bf4 58. Rb6 a4 59. b5 Rb3 60.
Ka6 Rb2 61. Rc6 Rxg2 62. b6 Rb2 63. b7 Rb3 64. Rxf4 Rxb7 65. Rfxf6+ 1-0